000 00764cam a22002412 4500
001 0000002528
005 20151217145730.0
008 070412s xx 000 0 eng d
020 _a0072466138 :
_cKES 3,300
040 _aKABU
_cKABU
050 0 _aHF5635
_b.S65 2004
100 1 _aSpiceland, J. David.
_@0000151907
245 1 0 _aIntermediate accounting /
_cJ. David Spiceland, James F. Stepe, Lawrence A. Tomassini.
250 _a3rd ed.
260 _aBoston :
_bIrwin/McGraw-Hill,
_c2004.
300 _axxxii, 1174 p. ;
_c28 cm.
650 0 _aAccounting.
_@0000148321
700 1 _aStepe, James F.
_@0000151908
700 1 _aTomassini, Lawrence A.
_@0000151909
908 _a070412
950 _@1
999 _c2013
_d2013